Ivánek a zvířátka /

Hlavní autor: Hiršal, Josef, 1920-2003
Další autoři: Pavalová, Olga, 1930-1998
Jazyk: Čeština
Vydáno: Praha : SNDK, 1961
Vydání: 3. vyd.
Témata:
Externí odkaz: Digitalizovaný dokument
Fyzický popis: 1 sv. (nestránkován)
Knihy
Uloženo v:
LEADER 01092nam a22002772a 4500
001 000340779
003 CZ BrMZK
005 20120207085311.0
007 ta
008 980107s1961 xr f cze d
015 |a cnb000517767 
035 |a (OCoLC)85336742 
040 |a BOA001  |b cze 
100 1 |a Hiršal, Josef,  |d 1920-2003  |7 jk01041094  |4 aut 
245 1 0 |a Ivánek a zvířátka /  |c napsal Josef Hiršal ; nakreslila Olga Pavalová 
250 |a 3. vyd. 
260 |a Praha :  |b SNDK,  |c 1961 
300 |a 1 sv. (nestránkován) 
521 8 |a Pro předškolní věk 
700 1 |a Pavalová, Olga,  |d 1930-1998  |7 jn20000401942  |4 ill 
856 4 1 |u http://www.digitalniknihovna.cz/mzk/uuid/uuid:b3bf0450-fb5c-11e3-9789-005056827e52  |y Digitalizovaný dokument  |x NDK 
910 |a BOA001  |b PK-A-0007.486  |b 1-0464.871 
964 |a Zvířátka - vyprávění ilustrovaná pro děti 
990 |a BK 
996 6 |b 2619435291  |c 1-0464.871  |l MZK  |r Sklad / do 1 hodiny  |n 0  |w 000340779  |u 000020  |a 1  |e BOA001  |j MZK50  |s P 
996 7 |b 3119803525  |c PK-A-0007.486  |l MZK  |r Sklad / do 1 hodiny  |n 4  |w 000340779  |u 000010  |a 1  |e BOA001  |j MZK50  |s A